Wales - Walesania, nie "Walešania"

Bibliographic Details
Main Author: Dvonč, Ladislav, 1926-2003 (Author)
Format: Article
Language:Slovak
Subjects:

MARC

LEADER 00000nab a2200000 a 4500
001 vtls009185831
003 SK-MaSNL
005 20260304163526.0
008 250507c1966 xo |||||| | ||00 b|slo
015 |a SNBRB2008/02  |2 snkbucl 
035 |a (uuid)0a6b8c8d-2186-4ff9-9edc-0f5b727f552d 
035 |a urn:nbn:sk:snk-abc37j 
035 |a (urnnbn)urn:nbn:sk:snk:ar-002qxe 
038 |a SNKBUCL 
040 |a SNKBUCL  |b slo  |c SNKBUCL  |e AACR2 
041 0 |a slo 
044 |a xo  |c SK 
080 |a 811.162.4`373.611  |2 1997 
080 |a 81`373.611:811.162.4  |2 1997 
080 |a 811.162.4`367.622.12  |2 1997 
080 |a 81`367.622:811.162.4  |2 1997 
100 1 |a Dvonč, Ladislav,  |d 1926-2003  |4 aut  |9 101854 
245 1 0 |a Wales - Walesania, nie "Walešania"  |c L. Dvonč 
650 0 7 |a slovenčina  |2 snkbucl  |9 1350 
650 0 7 |a toponymá  |2 snkbucl  |9 90084 
650 0 7 |a mužské obyvateľské mená  |2 snkbucl  |9 20295 
650 0 7 |a obyvateľské mená  |2 snkbucl  |9 16450 
650 0 7 |a cudzie toponymá  |2 snkbucl  |9 112510 
650 0 7 |a substantívne deriváty  |2 snkbucl  |9 1219557 
650 0 7 |a derivácia (lingvistika)  |2 nkbucl  |9 75962 
651 7 |a Wales  |2 snkbucl  |9 49301 
773 0 |t Slovenská reč  |g Roč. 31, č. 4 (1966), s. 255-256 
850 |a Slovenská národná knižnica 
852 |a Slovenská národná knižnica 
954 |a odborná, vedecká literatúra pôvodná (slovenská)  |2 lita 
958 |a article15 
958 |a OND 
958 |a EUIPO 
999 |c 2977902  |d 2979832